Dobrofest '97

Bibliographic Details
Format: Article
Language:Slovak
Subjects:

MARC

LEADER 00000nab a2200000 a 4500
001 vtls000635817
003 SK-MaSNL
005 20260304095205.0
008 250425c1997 xo 0 slo
015 |a SNBRB19rr/mm-uuuuu 
035 |a CL0635956 
035 |a urn:nbn:sk:snk-ab206d 
035 |a (urnnbn)urn:nbn:sk:snk:ar-a01cn5 
035 |a (uuid)c8b7a7f5-5b5e-4dd5-b931-3ae17620d683 
040 |a SNKBUCL  |b slo  |c SNKBUCL  |e AACR2 
041 0 |a slo 
044 |a xo  |c SK 
080 |a 78.091.4:787  |2 1981 
080 |a 787  |2 1981 
245 0 0 |a Dobrofest '97 
611 2 7 |a Dobrofest (1997 :  |c Trnava, Slovensko)  |2 snkbucl  |9 899908 
655 7 |a články z novín a časopisov  |2 snkbucl  |9 267496 
773 0 |t Hudobný život '97  |g Roč. 29, č. 17 (1997), s. 11 
850 |a Slovenská národná knižnica 
852 |a Slovenská národná knižnica 
954 |a odborná, vedecká literatúra pôvodná (slovenská)  |2 lita 
958 |a article27 
958 |a OND 
958 |a RK 
958 |a EUIPO 
992 |a RBX 
999 |c 2831275  |d 2833205